| 000 | 01191nam0a2200313 4500 | ||
|---|---|---|---|
| 001 | RU\NLR\BIBL_A\021985845 | ||
| 005 | 20231003120422.0 | ||
| 010 |
_a978-5-00227-006-4 _9216 |
||
| 021 |
_aRU _bКН-П-23-039246 _9КН-П-23-3912 |
||
| 035 | _a(NLR Aleph) 021985845 | ||
| 090 |
_a12412793 _c12412793 |
||
| 100 | _a20230724d2023 u y0rusy50 ca | ||
| 101 | 1 |
_arus _cchi |
|
| 102 | _aRU | ||
| 105 | _aа z 000аy | ||
| 181 | 0 |
_ai _baxxe |
|
| 182 | 0 | _an | |
| 200 | 1 |
_aЧесть дороже жизни _eроман _fДу Лян _gпер. с кит. А. Г. Иванова |
|
| 203 |
_aТекст _bвизуальный _cнепосредственный |
||
| 210 |
_aМосква _cСам полиграфист _d2023 |
||
| 215 |
_a619 с., [5] л. цв. ил. _d24 |
||
| 686 | 1 | _aШ6(5Кит)77-440.4{Лх2179-45} | |
| 700 | 0 |
_7ca _8rus _aДу Лян _f1954- _9260158 _3RU\NLR\AUTH\770260214 |
|
| 702 | 1 |
_4730 _7ca _8rus _aИванов _bА. Г. _cлингвист, кит. язык _gАндрей Георгиевич _9259062 _3RU\NLR\AUTH\770259118 |
|
| 942 | _cBOOK | ||
| 980 | _aNB | ||